Los amigos de Eddie Coyle /
Eddie Coyle is a small-time gun dealer with a big-time problem: who to sell out to avoid going to prison. While mob bosses, cops, hoods, gunmen, thieves, and executioners give Eddie plenty of choices, he has few options. Any decision could cost him his life.
Đã lưu trong:
| Tác giả chính: | |
|---|---|
| Tác giả khác: | , |
| Định dạng: | Điện tử eBook |
| Ngôn ngữ: | Tiếng Tây Ban Nha Tiếng Anh |
| Được phát hành: |
Barcelona, España :
Libros del Asteroide S.L.U.,
[2013]
|
| Loạt: | Libros del Asteroide ;
85. |
| Những chủ đề: | |
| Truy cập trực tuyến: | Digitalia Hispánica |
| Các nhãn: |
Thêm thẻ
Không có thẻ, Là người đầu tiên thẻ bản ghi này!
|
MARC
| LEADER | 00000nam a2200000Ii 4500 | ||
|---|---|---|---|
| 001 | DIGLIBASTRD0091 | ||
| 003 | NyNyDIG | ||
| 007 | cr ||||||||||| | ||
| 008 | 180315s2013 sp o 000 f spa d | ||
| 006 | m o d | ||
| 035 | |a (OCoLC)1028952530 | ||
| 040 | |a DGITA |b eng |e rda |e pn |c DGITA | ||
| 020 | |a 9788492663552 |q (eBook ; |q ePub) | ||
| 020 | |a 8492663553 |q (eBook ; |q ePub) | ||
| 020 | |z 9788492663446 | ||
| 020 | |z 8492663448 | ||
| 041 | 1 | |a spa |h eng | |
| 043 | |a n-us-ma | ||
| 050 | 1 | 4 | |a PS3558.I356 ebook |
| 082 | 0 | 4 | |a 813.54 |a Fic |
| 100 | 1 | |a Higgins, George V., |d 1939-1999, |e author. | |
| 240 | 1 | 0 | |a Friends of Eddie Coyle. |l Spanish |s (Gurguí and Sabaté) |
| 245 | 1 | 4 | |a Los amigos de Eddie Coyle / |c George V. Higgins ; prólogo de Dennis Lehane ; traducción de Montserrat Gurguí y Hernán Sabaté. |
| 264 | 1 | |a Barcelona, España : |b Libros del Asteroide S.L.U., |c [2013] | |
| 300 | |a 1 online resource. | ||
| 336 | |a text |b txt |2 rdacontent | ||
| 337 | |a computer |b c |2 rdamedia | ||
| 338 | |a online resource |b cr |2 rdacarrier | ||
| 520 | |a Eddie Coyle is a small-time gun dealer with a big-time problem: who to sell out to avoid going to prison. While mob bosses, cops, hoods, gunmen, thieves, and executioners give Eddie plenty of choices, he has few options. Any decision could cost him his life. | ||
| 588 | 0 | |a Online resource; title from ePub title page (Digitalia, viewed March 20, 2018) | |
| 650 | 0 | |a Criminals |z Massachusetts |z Boston |v Fiction. | |
| 651 | 0 | |a Boston (Mass.) |v Fiction. | |
| 655 | 7 | |a Detective and mystery fiction. |2 lcgft | |
| 655 | 7 | |a Noir fiction. |2 lcgft | |
| 655 | 0 | |a Electronic books. | |
| 700 | 1 | |a Lehane, Dennis, |e writer of preface. | |
| 700 | 1 | |a Gurguí, Monserrat, |e translator. | |
| 700 | 1 | |a Sabaté, Hernán, |e translator. | |
| 700 | 1 | |i Translation of: |a Higgins, George V., |d 1939-1999. |t Friends of Eddie Coyle. | |
| 791 | 2 | |a Digitalia (Firm), |e distributor. | |
| 793 | 0 | |g Digitalia eBook Collection: |a Libros del Asteroide | |
| 776 | 0 | 8 | |i Print version: |a Higgins, George V., 1939-1999. |s Friends of Eddie Coyle. Spanish. |t Amigos de Eddie Coyle. |b Primera edición. |d Barcelona : Libros del Asteroide, 2013 |z 9788492663446 |
| 830 | 0 | |a Libros del Asteroide ; |v 85. | |
| 856 | 4 | 0 | |3 Digitalia Hispánica |u https://digitalia.unach.elogim.com/a/38416/ |
| 910 | |a Premium collection: 2018 | ||